000 00403 a2200169 4500
001 186637
020 _a85-85466-47-2
040 _cMagnum
100 _aSouza, Flavio de
240 1 0 _aAs experiencias de tibio e peronio
_lpor
245 1 0 _aAs experiencias de tibio e peronio
300 _a48
362 0 _a1996
440 1 _aCompanhia das Letrinhas
697 _aLITERATURA INFANTO
942 _cBK
999 _c186637
_d186637